000 01003cad a22002295a 4500
001 E148496
008 090924s2009 xxk o f 000 0 eng d
035 _a(Sirsi) u148496
041 0 _aeng
050 0 4 _a333.33 $2 18
110 2 _aGVA Grimley
_93646
245 0 4 _aThe day after tomorrow
_bthe post recession world & implications for commercial property
_h[electronic resource]
260 _aLondon
_bGVA Grimley
_c2009
490 0 _aGVA Grimley Property Intelligence
520 _aLooks at the implications of the current recession for the commercial property sector over the next 10-20 years. Also discusses the reasons for the economic downturn, and looks at the prospects for rents, yields, occupiers and investment. Tables.
521 _aAdvanced
590 _aKA NTK
651 4 _aUnited Kingdom
_y
690 _aPROPERTY-COMMERCIAL PROPERTY-COMMERCIAL PROPERTY MARKET
856 4 0 _uhttps://www.gvagrimley.co.uk/
_zView the report free of charge at www.gvagrimley.co.uk...
942 _n0
999 _c110066
_d110066